| 000 | 01010nam a2200349 a 4500 | ||
|---|---|---|---|
| 003 | AR-BaBNM | ||
| 005 | 20251128205737.0 | ||
| 008 | 082120s2002 ||||||||||||||000 | spa|| | ||
| 020 | _a84-7738-231-X | ||
| 040 | _cAR-BaBNM | ||
| 100 | 1 | _aCorbalán, Fernando | |
| 245 | 0 | 0 | _aJuegos matemáticos para secundaria y bachillerato |
| 250 | _a1ª ed. | ||
| 260 |
_aMadrid _bSíntesis _c1994 |
||
| 300 |
_a271 p. _bil. |
||
| 490 | 0 |
_aEducación matemática en secundaria _vv. 24 |
|
| 504 | _aBibliografía p. 267-270 | ||
| 650 | 4 | _aMATEMATICA | |
| 650 | 4 | _aENSEÑANZA DE LAS MATEMATICAS | |
| 650 | 4 | _aJUEGOS EDUCATIVOS | |
| 650 | 4 | _aSOLUCION DE PROBLEMAS | |
| 650 | 4 | _aDIFICULTADES EN EL APRENDIZAJE | |
| 650 | 4 | _aCONCEPTOS ALGEBRAICOS | |
| 650 | 4 | _aTEORIA DE LAS PROBABILIDADES | |
| 653 | _aEDUCACION SECUNDARIA | ||
| 653 | _aESTRATEGIAS EDUCATIVAS | ||
| 653 | _aJUEGOS DE SALON Y MESA | ||
| 800 | 1 | _aGuzmán, Miguel de | |
| 800 | 1 | _aRico Romero, Luis | |
| 942 | _cBK | ||
| 998 | _cCarmen | ||
| 999 |
_c12640 _d12640 |
||